000
00262nam a22001217a 4500
008
181017b xxu||||| |||| 00| 0 eng d
041
_a
eng
080
_a
615
100
_a
5
101
_a
FAR
245
_a
Physicians Desk Reference
_c
Fotsch,E
942
_2
udc
_c
BK
999
_c
50046
_d
50046